Speedway Ekstraliga medalists 2000-2018 - Statistics

General Stats
  • This quiz has been taken 284 times
  • The average score is 15 of 17
Answer Stats
SEZON 1. MIEJSCE 2. MIEJSCE 3. MIEJSCE % Correct
Falubaz Zielona Góra
97%
Stelmet Falubaz Zielona Góra
97%
ZKŻ Zielona Góra
97%
Betard Sparta Wrocław
96%
Unia Leszno
96%
WTS Wrocław
96%
Apator Toruń
95%
KS Toruń
95%
Unibax Toruń
95%
Włókniarz Częstochowa
88%
Unia Tarnów
86%
2000 Polonia Bydgoszcz Polonia Piła Polonia Bydgoszcz
84%
Stal Gorzów Wlkp.
80%
Cash Broker Stal Gorzów Wlkp.
78%
Fogo Unia Leszno
64%
Grupa Azoty Unia Tarnów
60%
Polonia Piła
56%
No matching quizzes found
Score Distribution
Percent of People with Each Score
Percentile by Number Answered
Your Score History
You have not taken this quiz